Coats of Arms of the Provinces of Italy - Statistics

General Stats
  • This quiz has been taken 9 times
  • The average score is 29 of 110
Answer Stats
Answer % Correct
Bologna
67%
Aosta
50%
Monza and Brianza
50%
Frosinone
50%
Milan
50%
Padua
50%
Ravenna
50%
Rome
50%
Treviso
50%
Trieste
50%
Turin
50%
Udine
50%
Venice
50%
Ancona
33%
Avellino
33%
Bari
33%
Belluno
33%
Benevento
33%
Bergamo
33%
Brescia
33%
Brindisi
33%
Cagliari
33%
Campobasso
33%
Caserta
33%
Chieti
33%
Como
33%
Cremona
33%
Barletta- Andria- Trani
33%
Forlì- Cesena
33%
Pesaro and Urbino
33%
Reggio Emilia
33%
Ferrara
33%
Foggia
33%
Genoa
33%
Gorizia
33%
Isernia
33%
L'Aquila
33%
Latina
33%
Lecce
33%
Matera
33%
Modena
33%
Naples
33%
Novara
33%
Palermo
33%
Parma
33%
Pavia
33%
Perugia
33%
Pescara
33%
Piacenza
33%
Pordenone
33%
Potenza
33%
Rieti
33%
Rimini
33%
Rovigo
33%
Sassari
33%
Syracuse
33%
Taranto
33%
Teramo
33%
Trento
33%
Verona
33%
Viterbo
33%
Alessandria
17%
Arezzo
17%
Asti
17%
Biella
17%
Catania
17%
Catanzaro
17%
Cosenza
17%
Crotone
17%
Cuneo
17%
Ascoli Piceno
17%
Medio Campidano
17%
Reggio Calabria
17%
Sulcis Iglesiente
17%
Verbano- Cusio- Ossola
17%
Vibo Valentia
17%
Fermo
17%
Florence
17%
Imperia
17%
La Spezia
17%
Lecco
17%
Lodi
17%
Lucca
17%
Macerata
17%
Mantua
17%
Messina
17%
Nuoro
17%
Oristano
17%
Pisa
17%
Salerno
17%
Savona
17%
Siena
17%
Sondrio
17%
South Tyrol
17%
Terni
17%
Varese
17%
Vercelli
17%
Vicenza
17%
Agrigento
0%
Caltanissetta
0%
Gallura North-East Sardinia
0%
Massa- Carrara
0%
Enna
0%
Grosseto
0%
Livorno
0%
Ogliastra
0%
Pistoia
0%
Prato
0%
Ragusa
0%
Trapani
0%
No matching quizzes found
Score Distribution
Percent of People with Each Score
Percentile by Number Answered
Your Score History
You have not taken this quiz